| 000 | 01803nam a2200241Ia 4500 | ||
|---|---|---|---|
| 008 | 260220t1970||||xx |||||||||||||| ||spa|| | ||
| 040 |
_aPY-SlUNAC _bspa _erda |
||
| 041 | _aspa | ||
| 082 |
_a530.43 _bK169p |
||
| 100 |
_aKauzmnan, Walter _eAutor |
||
| 245 | 0 |
_aPropiedades térmicas de la materia : _bteoría cinética de los gases / _cpor Walter Kauzmnan [Autor] |
|
| 264 |
_aBarcelona : _bMéxico, _c℗1970. |
||
| 300 | _a1 volumen | ||
| 520 | _aEl libro "Propiedades térmicas de la materia" de Walter Kauzmann ofrece un análisis profundo de las propiedades térmicas de diferentes materiales, centrándose en la teoría cinética de los gases. A lo largo de sus capítulos, Kauzmann explora cómo la teoría cinética proporciona una base fundamental para comprender el comportamiento de los gases, incluyendo conceptos como la presión, la temperatura y el volumen. La obra también discute la relación entre la energía térmica y las interacciones moleculares, destacando la importancia de la estadística en la descripción de sistemas térmicos. A través de ejemplos y modelos matemáticos, el autor ilustra cómo las propiedades macroscópicas de los gases pueden derivarse de las características microscópicas de sus partículas constituyentes. Además, se abordan las implicaciones de estos principios en áreas como la termodinámica y la física de materiales, ofreciendo un recurso valioso tanto para estudiantes como para investigadores interesados en la ciencia de los materiales y la física del estado sólido. | ||
| 653 | _aGases | ||
| 653 | _aPropiedades térmicas | ||
| 653 | _aTeoría cinética | ||
| 942 |
_b2026/02/17 _cBK |
||
| 999 |
_c7754 _d7754 |
||